000 00891cam a2200289 a 4500
001 14844543
003 OSt
005 20160203180327.0
008 070509s2007 sa ab b 001 0 eng
010 _a 2007325694
020 _a0627026753
022 _28171419127
040 _aSEKU
050 0 0 _aLB 43
_b.C6 2007
100 _aDutt, Surya V.
245 0 0 _aComparative education :
_cDutt Surya V.
260 _aPretoria :
_bVan Schaik,
_c2007.
300 _axvii, 267 p. :
_bill., maps ;
_c25 cm.
504 _aIncludes bibliographical references and index.
650 0 _aComparative education.
650 0 _aEducation
_vCross-cultural studies.
700 1 _aWolhuter, C. C.
_q(Charl C.)
700 1 _aLemmer, Eleanor M.
700 1 _aDe Wet, N. C.
_q(Nita Corene)
856 4 1 _3Table of contents only
_uhttp://www.loc.gov/catdir/toc/fy0712/2007325694.html
942 _2lcc
_cGEN
999 _c10289
_d10289